000 00480nam a22001697a 4500
005 20251108172836.0
008 250721s2002 xx 000 0 ara d
082 1 4 _a581.16/دود
100 1 _aدودز، جونز
245 1 0 _aتجارب في زراعة الانسجة النباتية /
264 1 _aعمان :
_bدار الفكر،
_c2002.
300 _a296ص
650 1 7 _aزراعة الانسجة
650 1 7 _aالنباتات
942 _2ddc
_cBK
999 _c89809
_d89809